• 首页
  • 本馆介绍
  • 公告通知
  • 最新文献
  • 馆藏检索
  • 电子资源
  • 读者导购
  • 参考咨询
  • 我的图书馆
  • 登录
  • 详细信息显示
  • 放入我的书架
  • 预约/预借图书
  • 作者相关作品
  • 分类相关作品
  • 丛书相关作品
  • 出版社相关作品

书目信息

  • 表格格式
  • 工作单格式
  • 卡片格式
题名:
肉牛规模生产与牛场经营
    
 
作者: 赵珺 , 余金灵 , 白生贵 主编
分册:  
出版信息: 北京   中国农业科学技术出版社  2018
页数: 155页
开本: 21cm
丛书名:
单 册:
中图分类: S823.9
科图分类:
主题词: 肉牛--饲养管理 , 肉牛--养殖场--经营管理
电子资源:
ISBN: 978-7-5116-3490-0
000 00937nam0 2200265 450
001 012001003791
005 20131105164018.0
010    @a978-7-5116-3490-0@dCNY32.00
100    @a20181129d2018 em y0chiy50 ea
101 0  @achi
102    @aCN@b110000
105    @aa z 000yy
106    @ar
200 1  @a肉牛规模生产与牛场经营@9rou niu gui mo sheng chan yu niu chang jing ying@f赵珺,余金灵,白生贵主编
210    @a北京@c中国农业科学技术出版社@d2018
215    @a155页@c图@d21cm
330    @a本书分为七章,介绍了肉牛场建设和规划、肉牛品种改良和繁殖技术、营养需要和日粮配合、饲养管理、牛群保健和疾病防治、肉牛场环境控制、肉牛场经营管理等内容。
606 0  @a肉牛@x饲养管理
606 0  @a肉牛@x养殖场@x经营管理
690    @aS823.9@v5
701  0 @a赵珺@9zhao jun@4主编
701  0 @a余金灵@9yu jin ling@4主编
701  0 @a白生贵@9bai sheng gui@4主编
801  0 @aCN@b上海新华@c20191020
905    @b1206656-9@dS823.9@e209@f4
    
    肉牛规模生产与牛场经营/赵珺,余金灵,白生贵主编.-北京:中国农业科学技术出版社,2018
    155页:图;21cm
    
    
    ISBN 978-7-5116-3490-0:CNY32.00
    本书分为七章,介绍了肉牛场建设和规划、肉牛品种改良和繁殖技术、营养需要和日粮配合、饲养管理、牛群保健和疾病防治、肉牛场环境控制、肉牛场经营管理等内容。
●
相关链接 在E读中查询图书 在五车中查询图书 在当当中查询图书 在豆瓣中查询图书


正题名:肉牛规模生产与牛场经营     索取号:S823.9/209         预约/预借

序号 登录号 条形码 馆藏地/架位号 状态 备注
1 1206656   212066565   第二样本阅览室/ [索取号:S823.9/209] 在馆    
2 1206657   212066574   第三借阅区/ [索取号:S823.9/209] 在馆    
3 1206658   212066583   第三借阅区/ [索取号:S823.9/209] 在馆    
4 1206659   212066592   第三借阅区/ [索取号:S823.9/209] 在馆    
唐山师范学院图书馆 欢迎您!
大连网信软件有限公司© 版权所有